European Map without 15 Random Countries - Statistics

General Stats
  • This quiz has been taken 227 times
  • The average score is 14 of 15
Answers on the Map
Answers color-coded by a green-red scale on the quiz's map according to % correct below.
 
Answer Stats
Country % Correct
Austria
100%
Belarus
100%
Bosnia and Herzegovina
100%
Croatia
100%
Czech Republic
100%
Finland
100%
France
100%
Germany
100%
Italy
100%
Latvia
100%
Lithuania
100%
Moldova
100%
Netherlands
100%
Poland
100%
Portugal
100%
Romania
100%
Serbia
100%
Spain
100%
Sweden
100%
Switzerland
100%
Ukraine
100%
United Kingdom
100%
Slovenia
97%
Estonia
96%
Kosovo
96%
Norway
96%
San Marino
96%
Slovakia
96%
Vatican City
96%
Belgium
95%
Montenegro
94%
Russia
94%
Hungary
93%
Greece
92%
Denmark
90%
Luxembourg
90%
Iceland
88%
North Macedonia
88%
Bulgaria
86%
Ireland
84%
Albania
83%
Andorra
79%
Liechtenstein
76%
Monaco
76%
Malta
71%
No matching quizzes found
Score Distribution
Percent of People with Each Score
Percentile by Number Answered
Your Score History
You have not taken this quiz